000 00783nam a22002777a 4500
008 130514b xxu||||| |||| 00| 0 eng d
020 _a0-521-56541-3
024 _cAvailable
037 _cAvailable
040 _aMBSTU LIBRARY
_dMBSTU LIBRARY
082 _222
_a808.066 DAH
100 _aDay, Robert A.
110 _aL.W.Kingsland.
245 _aHow to write and publish a scientific paper.
250 _a4th
260 _aNew York
_bCambridge University Press.
_c2002
300 _a21 cm.
_b223 page
_f8
_g21 cm.
600 _aTechnical writing.
650 _2Technical writing.
700 _aDay, Robert A.
710 _aL.W.Kingsland.
270 _aNew York
_bNew York
_dUSA
365 _b440.00
_d440.00
942 _2ddc
_cBK
999 _c385
_d385